[Event "Istanbul op-B"]
[Site "Istanbul"]
[Date "2014.09.04"]
[Round "5"]
[White "Gulamhuseynli, Elyar"]
[Black "Daghan, Devran"]
[Result "0-1"]
[WhiteElo "1798"]
[BlackElo "1788"]
[PlyCount "98"]
[EventDate "2014.09.01"]
[EventType "swiss"]
[EventRounds "9"]
[EventCountry "TUR"]
[SourceTitle "EXT 2016"]
[Source "ChessBase"]
[SourceDate "2015.10.08"]
[SourceVersion "1"]
[SourceVersionDate "2015.10.08"]
[SourceQuality "1"]

1. e4 c5 2. Nf3 a6 3. d4 cxd4 4. Nxd4 e6 5. c4 Nf6 6. f3 Bc5 7. e5 Qb6 8. exf6 Bxd4 9. fxg7 Rg8 10. Qb3 Bf2+ 11. Ke2 Qc5 12. Be3 Bxe3 13. Qxe3 Qxc4+ 14. Kf2 Qc2+ 15. Be2 Nc6 16. Nc3 Rxg7 17. Ne4 d5 18. Nf6+ Kf8 19. Rac1 Qg6 20. Rxc6 Qxg2+ 21. Ke1 Qxh1+ 22. Kd2 Rg6 23. Qc5+ Kg7 24. Ne8+ Kg8 25. Rxc8 Rxc8 26. Qxc8 Qxh2 27. Nd6+ Kg7 28. Qc7 Qf4+ 29. Kc2 e5 30. Bd1 Qa4+ 31. Kc1 Qc6+ 32. Qxc6 bxc6 33. Nf5+ Kf6 34. Ne3 h5 35. b4 h4 36. Ng4+ Ke6 37. Kd2 f5 38. Nf2 Rg3 39. Be2 h3 40. Bxa6 h2 41. Ke1 h1Q+ 42. Nxh1 Rg1+ 43. Kd2 Rxh1 44. Bc8+ Kd6 45. a4 Ra1 46. a5 c5 47. bxc5+ Kxc5 48. Bxf5 Rxa5 49. Bg6 Kd4 0-1